Σχολιασμός της περιβαλλοντικής επικινδυνότητας : μεταπτυχιακή διατριβή

Αποθηκεύτηκε σε:
Λεπτομέρειες βιβλιογραφικής εγγραφής
Κύριος συγγραφέας: Παπαδογιαννάκη, Ελεονώρα
Συγγραφή απο Οργανισμό/Αρχή: Πανεπιστήμιο Αιγαίου Σχολή Περιβάλλοντος Τμήμα Περιβάλλοντος Πρόγραμμα Μεταπτυχιακών Σπουδών Γεωργία και Περιβάλλον
Άλλοι συγγραφείς: Τσαμπούκου-Σκαναβή, Κωνσταντίνα (Εισηγητής διατριβής)
Μορφή: Thesis Βιβλίο
Γλώσσα:Greek
Δημοσίευση: Μυτιλήνη : Πανεπιστήμιο Αιγαίου, Τμήμα Περιβάλλοντος, 2004
Θέματα:
Διαθέσιμο Online:http://hdl.handle.net/11610/15285
Ετικέτες: Προσθήκη ετικέτας
Δεν υπάρχουν, Καταχωρήστε ετικέτα πρώτοι!

MARC

LEADER 00000cam a2200000 i 4500
001 1/83362
008 050809s2004 gre d
035 |l 10079752 
040 |a GR-MY-UA  |b gre  |e aacr 
041 0 |a gre 
082 0 |a 302.23  |2 (22) 
100 1 |a Παπαδογιαννάκη, Ελεονώρα. 
245 1 0 |a Σχολιασμός της περιβαλλοντικής επικινδυνότητας :  |b μεταπτυχιακή διατριβή /  |c Παπαδογιαννάκη Ελεονώρα ; υπεύθυνη καθηγήτρια Τσαμπούκου-Σκαναβή Κωνσταντίνα 
260 |a Μυτιλήνη :   |b Πανεπιστήμιο Αιγαίου, Τμήμα Περιβάλλοντος,   |c 2004 
300 |a 90 σ.;  |b σχ.;  |c 30 εκ. 
502 |a Διατριβή (μεταπτυχιακή) – Πανεπιστήμιο Αιγαίου, Λέσβος, 2004. 
504 |a Βιβλιογραφία: 84-90 
650 0 0 |a Environmental education. 
650 0 0 |a Green movement. 
650 0 0 |a Mass media and the environment. 
650 0 0 |a Environmental problems. 
650 0 0 |a Environmental protection. 
650 0 0 |a Mass media  |x Communication. 
650 0 0 |a Dissertations, Academic  |z Greece. 
700 1 |a Τσαμπούκου-Σκαναβή, Κωνσταντίνα.  |4 ths 
710 2 |a Πανεπιστήμιο Αιγαίου  |b Σχολή Περιβάλλοντος  |b Τμήμα Περιβάλλοντος  |b Πρόγραμμα Μεταπτυχιακών Σπουδών Γεωργία και Περιβάλλον. 
852 |a INST  |b LESVOS  |c DIATR  |e 20050809  |h 41  |p 005100031348  |q 005100031348  |t MTXE  |y 23 
852 |a INST  |b LESVOS  |c DIATR  |e 20050809  |h 42  |p 005100031347  |q 005100031347  |t MTXE  |y 23 
856 |u http://hdl.handle.net/11610/15285 
901 |a BIBL1-2005-2 
909 |a Λ  |b 115628 
909 |a Λ  |b 115629 
924 |a ΠΑΠΑΔΟΓΙΑΝΝΑΚΗ  |b ΕΛΕΟΝΩΡΑ  |y ΛΕΣΒΟΣ  |z 2005-01 
970 |a ΜΑΡΙΝΑΤΟΥ  |b ΜΥΡΣΙΝΗ  |z 2005/08/09